<?xml version="1.0" encoding="UTF-8"?>
<record
    xmlns:xsi="http://www.w3.org/2001/XMLSchema-instance"
    xsi:schemaLocation="http://www.loc.gov/MARC21/slim http://www.loc.gov/standards/marcxml/schema/MARC21slim.xsd"
    xmlns="http://www.loc.gov/MARC21/slim">

  <leader>00911nam a22002177a 4500</leader>
  <controlfield tag="005">20210325202001.0</controlfield>
  <controlfield tag="008">      s2550    th                f tha d</controlfield>
  <datafield tag="020" ind1=" " ind2=" ">
    <subfield code="a">9789749601648</subfield>
  </datafield>
  <datafield tag="040" ind1=" " ind2=" ">
    <subfield code="a">NALT</subfield>
  </datafield>
  <datafield tag="041" ind1=" " ind2=" ">
    <subfield code="a">tha</subfield>
  </datafield>
  <datafield tag="090" ind1=" " ind2=" ">
    <subfield code="a">FIC </subfield>
    <subfield code="b">&#xE23;942&#xE2E; 2550</subfield>
  </datafield>
  <datafield tag="100" ind1="1" ind2=" ">
    <subfield code="a">&#xE42;&#xE23;&#xE27;&#xE4C;&#xE25;&#xE34;&#xE48;&#xE07;, &#xE40;&#xE08;. &#xE40;&#xE04;.</subfield>
    <subfield code="9">12216</subfield>
  </datafield>
  <datafield tag="245" ind1="1" ind2="0">
    <subfield code="a">&#xE41;&#xE2E;&#xE23;&#xE4C;&#xE23;&#xE35;&#xE48; &#xE1E;&#xE2D;&#xE15;&#xE40;&#xE15;&#xE2D;&#xE23;&#xE4C; &#xE01;&#xE31;&#xE1A;&#xE40;&#xE04;&#xE23;&#xE37;&#xE48;&#xE2D;&#xE07;&#xE23;&#xE32;&#xE07;&#xE22;&#xE21;&#xE11;&#xE39;&#xE15; /</subfield>
    <subfield code="c">&#xE40;&#xE08;. &#xE40;&#xE04;. &#xE42;&#xE23;&#xE27;&#xE4C;&#xE25;&#xE34;&#xE48;&#xE07; &#xE40;&#xE02;&#xE35;&#xE22;&#xE19; ; &#xE2A;&#xE38;&#xE21;&#xE32;&#xE25;&#xE35; &#xE41;&#xE1B;&#xE25;.</subfield>
  </datafield>
  <datafield tag="260" ind1=" " ind2=" ">
    <subfield code="a">&#xE01;&#xE23;&#xE38;&#xE07;&#xE40;&#xE17;&#xE1E;&#xE2F; : </subfield>
    <subfield code="b">&#xE19;&#xE32;&#xE19;&#xE21;&#xE35;&#xE1A;&#xE38;&#xE4A;&#xE04;&#xE2A;&#xE4C;&#xE1E;&#xE31;&#xE1A;&#xE25;&#xE34;&#xE40;&#xE04;&#xE0A;&#xE31;&#xE48;&#xE19;&#xE2A;&#xE4C;, </subfield>
    <subfield code="c">2550.</subfield>
  </datafield>
  <datafield tag="300" ind1=" " ind2=" ">
    <subfield code="a">696 &#xE2B;&#xE19;&#xE49;&#xE32; ;</subfield>
    <subfield code="c"> 22 &#xE0B;&#xE21;.</subfield>
  </datafield>
  <datafield tag="650" ind1=" " ind2="4">
    <subfield code="a">&#xE19;&#xE27;&#xE19;&#xE34;&#xE22;&#xE32;&#xE22;&#xE2D;&#xE31;&#xE07;&#xE01;&#xE24;&#xE29;</subfield>
    <subfield code="9">80</subfield>
  </datafield>
  <datafield tag="700" ind1="0" ind2=" ">
    <subfield code="a">&#xE2A;&#xE38;&#xE21;&#xE32;&#xE25;&#xE35;</subfield>
    <subfield code="9">12233</subfield>
  </datafield>
  <datafield tag="850" ind1=" " ind2=" ">
    <subfield code="a">NALT</subfield>
  </datafield>
  <datafield tag="942" ind1=" " ind2=" ">
    <subfield code="c">FIC</subfield>
    <subfield code="2">local</subfield>
  </datafield>
  <datafield tag="998" ind1=" " ind2=" ">
    <subfield code="j">104</subfield>
    <subfield code="k"> &#xE2A;&#xE32;&#xE22;&#xE1D;&#xE19; &#xE14;&#xE35;&#xE07;&#xE32;&#xE21;</subfield>
  </datafield>
  <datafield tag="999" ind1=" " ind2=" ">
    <subfield code="c">54181</subfield>
    <subfield code="d">54181</subfield>
  </datafield>
  <datafield tag="952" ind1=" " ind2=" ">
    <subfield code="0">0</subfield>
    <subfield code="1">0</subfield>
    <subfield code="4">0</subfield>
    <subfield code="7">0</subfield>
    <subfield code="8">CFICSHT</subfield>
    <subfield code="a">NALT</subfield>
    <subfield code="b">NALT</subfield>
    <subfield code="e">&#xE08;&#xE31;&#xE14;&#xE0B;&#xE37;&#xE49;&#xE2D;&#xE17;&#xE23;&#xE31;&#xE1E;&#xE22;&#xE32;&#xE01;&#xE23;</subfield>
    <subfield code="g">495.00</subfield>
    <subfield code="l">0</subfield>
    <subfield code="o">FIC &#xE23;942&#xE2E;  2550</subfield>
    <subfield code="p">3961171779</subfield>
    <subfield code="r">2017-06-09 00:00:00</subfield>
    <subfield code="t">&#xE09;. 3</subfield>
    <subfield code="v">545.00</subfield>
    <subfield code="w">2017-06-09</subfield>
    <subfield code="y">FIC</subfield>
  </datafield>
  <datafield tag="952" ind1=" " ind2=" ">
    <subfield code="0">0</subfield>
    <subfield code="1">0</subfield>
    <subfield code="4">0</subfield>
    <subfield code="7">0</subfield>
    <subfield code="8">CFICSHT</subfield>
    <subfield code="a">NALT</subfield>
    <subfield code="b">NALT</subfield>
    <subfield code="e">&#xE08;&#xE31;&#xE14;&#xE0B;&#xE37;&#xE49;&#xE2D;&#xE17;&#xE23;&#xE31;&#xE1E;&#xE22;&#xE32;&#xE01;&#xE23;</subfield>
    <subfield code="g">495.00</subfield>
    <subfield code="l">0</subfield>
    <subfield code="o">FIC &#xE23;942&#xE2E;  2550</subfield>
    <subfield code="p">3961171778</subfield>
    <subfield code="r">2017-06-09 00:00:00</subfield>
    <subfield code="t">&#xE09;. 2</subfield>
    <subfield code="v">545.00</subfield>
    <subfield code="w">2017-06-09</subfield>
    <subfield code="y">FIC</subfield>
  </datafield>
  <datafield tag="952" ind1=" " ind2=" ">
    <subfield code="0">0</subfield>
    <subfield code="1">0</subfield>
    <subfield code="4">0</subfield>
    <subfield code="7">0</subfield>
    <subfield code="8">CFICSHT</subfield>
    <subfield code="a">NALT</subfield>
    <subfield code="b">NALT</subfield>
    <subfield code="e">&#xE08;&#xE31;&#xE14;&#xE0B;&#xE37;&#xE49;&#xE2D;&#xE17;&#xE23;&#xE31;&#xE1E;&#xE22;&#xE32;&#xE01;&#xE23;</subfield>
    <subfield code="g">495.00</subfield>
    <subfield code="l">0</subfield>
    <subfield code="o">FIC &#xE23;942&#xE2E;  2550</subfield>
    <subfield code="p">3961171777</subfield>
    <subfield code="r">2017-06-09 00:00:00</subfield>
    <subfield code="t">&#xE09;. 1</subfield>
    <subfield code="v">545.00</subfield>
    <subfield code="w">2017-06-09</subfield>
    <subfield code="y">FIC</subfield>
  </datafield>
</record>
